| 000 | 00509nam a2200169Ia 4500 | ||
|---|---|---|---|
| 003 | IN-BaIIA | ||
| 008 | 211028s9999 xx 000 0 eng d | ||
| 040 | _cIIA Library | ||
| 080 |
_a535.33 _bBRU |
||
| 100 |
_aBrugel, Werner _94041 |
||
| 245 | 3 |
_aAn introduction to infrared spectroscopy _cWerner Brugel |
|
| 260 |
_aLondon _bMethuen _c1962 |
||
| 300 | _axv, 419p. | ||
| 650 | _aAstronomy and Astrophysics Thesaurus | ||
| 650 |
_aSpectroscopy _91535 |
||
| 942 | _cBK | ||
| 999 |
_c2243 _d2243 |
||